000 00313nam a22001337a 4500
008 171004b xxu||||| |||| 00| 0 eng d
020 _a9780131147294
041 _aeng
080 _25TH
_a159.9
100 _a48
101 _aPSI
245 _aFORTY STUDIES THAT CHANGED PSYCHOLOGY
_cHOCK,R.R
942 _2udc
_cBK
999 _c31759
_d31759